Zákon č. 434/2008 Z.z. z 24. októbra 2008, ktorým sa dopĺňa zákon č. 43/2004 Z.z. o starobnom dôchodkovom sporení ...
Zákon č. 434/2008 Z.z., ktorým sa dopĺňa zákon 43/2004 Z.z. o starobnom dôchodkovom sporení a o zmene a doplnení niektorých zákonov v znení neskorších predpisov a ktorým sa dopĺňa zákon č. 461/2003 Z.z. o sociálnom poistení v znení neskorších predpisov. Dôvodová správa k novele zákona o starobnom dô...
Gespeichert in:
| Format: | Buchkapitel |
|---|---|
| Sprache: | Slowakisch |
| Schlagworte: | |
| Tags: |
Keine Tags, Fügen Sie das erste Tag hinzu!
|
MARC
| LEADER | 00000naa$a2200000$$$4500 | ||
|---|---|---|---|
| 001 | 0088759 | ||
| 005 | 20231106074118.9 | ||
| 041 | 0 | |a slo | |
| 044 | |a SK | ||
| 245 | 1 | 0 | |a Zákon č. 434/2008 Z.z. z 24. októbra 2008, ktorým sa dopĺňa zákon č. 43/2004 Z.z. o starobnom dôchodkovom sporení ... |
| 520 | |a Zákon č. 434/2008 Z.z., ktorým sa dopĺňa zákon 43/2004 Z.z. o starobnom dôchodkovom sporení a o zmene a doplnení niektorých zákonov v znení neskorších predpisov a ktorým sa dopĺňa zákon č. 461/2003 Z.z. o sociálnom poistení v znení neskorších predpisov. Dôvodová správa k novele zákona o starobnom dôchodkovom sporení. | ||
| 610 | 2 | 0 | |a sporenie dôchodkové starobné |
| 610 | 2 | 0 | |a zákony |
| 610 | 2 | 0 | |a Slovensko |
| 610 | 2 | 0 | |a 2004-2008 |
| 610 | 2 | 0 | |a správy dôvodové |